| 000 | 00505nam a2200181 a 4500 | ||
|---|---|---|---|
| 005 | 20140310183333.0 | ||
| 008 | 060825s19uu xx 00 eng d | ||
| 020 | _a0-7645-4304-0 | ||
| 050 |
_aTK 5105.885.D74 _b.Ev92 2004 |
||
| 100 | _aEvans, Joyce J. | ||
| 245 |
_aDreamweaver mx 2004 : _bcomplete course / _cJoyce J. Evans. |
||
| 260 |
_aU.S.A : _bWiley Publishing, Inc, _c2004. |
||
| 300 |
_a351 p. : _c23 cm. |
||
| 521 | _aIT | ||
| 650 | _aDreamweaver. | ||
| 942 |
_cBK _2lcc _kFOR |
||
| 999 |
_c21612 _d21612 |
||